01275nab a22002537a 4500999001500000003000400015005001700019008004100036040000700077100004300084245013700127300001500264500003600279505021300315505009700528650002800625650004600653650003200699650005100731650003500782700003500817773015600852942001301008 c5761d5761OSt20260105151111.0190514b xxu||||| |||| 00| 0 spa d cPJ 96675aBurgos Baranda, María Cecilia 10aDe cómo interpretar las viejas instituciones. Lesión y perspectiva de género /cMaría Cecilia Burgos Baranda, Estela Morano. ap. 156-165 aCita: TR LALEY AR/DOC/880/2025. aSumario: I. El caso en estudio.— II. Los convenios de liquidación y partición.— III. La lesión subjetiva.— IV. La cuestión de género en la sentencia del Superior Tribunal.— V. Conclusión.  tFallo comentado: ST Río Negro ~ 12/08/2024 ~ A. L. G. C. C. M. M. s/ varios s/ casación. 09967aDERECHO DE FAMILIA 091022aLIQUIDACION DE LA SOCIEDAD CONYUGAL 095360aVIOLENCIA ECONÓMICA 096356aPRIVACION DE LA RESPONSABILIDAD PARENTAL 091057aJURISPRUDENCIA APLICABLE 96676aMorano, Estela ecoautor0 0284493222dBuenos Aires : AbeledoPerrot, 1989-tDerecho de familia. Revista Interdisciplinaria de doctrina y jurisprudencia. Junio 2025-III.z18511201 2udccANA